Loading...
| Literature - World | 0 | 5 | 1 | 1 | 45 | 70 | 95.20 | 1 | 2 | 0.00 | 0.00 |
| Literature - American | 0 | 4 | 0 | 1 | 40 | 87 | 95.00 | 0 | 0 | 0.00 | 0.00 |
| Literature - British | 0 | 4 | 0 | 0 | 40 | 61 | 76.75 | 0 | 1 | 0.00 | 0.00 |
| Literature - European | 0 | 5 | 2 | 0 | 40 | 35 | 80.20 | 1 | 3 | 0.00 | 0.00 |
| Fine Arts - Painting and Sculpture | 0 | 3 | 0 | 0 | 30 | 74 | 90.00 | 0 | 1 | 0.00 | 0.00 |
| Mythology | 0 | 3 | 1 | 1 | 25 | 44 | 78.67 | 0 | 1 | 0.00 | 0.00 |
| Fine Arts - Other | 0 | 2 | 0 | 0 | 20 | 100 | 101.00 | 0 | 0 | 0.00 | 0.00 |
| Popular Culture | 0 | 2 | 0 | 0 | 20 | 61 | 70.50 | 0 | 0 | 0.00 | 0.00 |
| Science - Physics | 0 | 1 | 0 | 0 | 10 | 97 | 97.00 | 0 | 0 | 0.00 | 0.00 |
| Religion | 0 | 1 | 0 | 0 | 10 | 51 | 51.00 | 0 | 1 | 0.00 | 0.00 |
| Science - Biology | 0 | 1 | 0 | 1 | 10 | 94 | 94.00 | 0 | 0 | 0.00 | 0.00 |
| Science - Chemistry | 0 | 1 | 0 | 0 | 10 | 73 | 73.00 | 0 | 0 | 0.00 | 0.00 |
| Philosophy | 0 | 1 | 0 | 0 | 10 | 93 | 93.00 | 0 | 0 | 0.00 | 0.00 |